Computer system architecture by M Morris Mano (Record no. 1211885)

MARC details
000 -LEADER
fixed length control field 01082nam a2200301Ia 4500
003 - CONTROL NUMBER IDENTIFIER
control field OSt
005 - DATE AND TIME OF LATEST TRANSACTION
control field 20221007123435.0
008 - FIXED-LENGTH DATA ELEMENTS--GENERAL INFORMATION
fixed length control field 221006b |||||||| |||| 00| 0 eng d
020 ## - INTERNATIONAL STANDARD BOOK NUMBER
International Standard Book Number 8178086875 (pbk)
037 ## - SOURCE OF ACQUISITION
Terms of availability Textual
040 ## - CATALOGING SOURCE
Original cataloging agency PAPL
Transcribing agency PAPL
Language of cataloging eng
041 ## - LANGUAGE CODE
Source of code eng
Language code of text/sound track or separate title eng
100 ## - MAIN ENTRY--PERSONAL NAME
Personal name Mano M Morris
245 #0 - TITLE STATEMENT
Title Computer system architecture by M Morris Mano
250 ## - EDITION STATEMENT
Edition statement Ed 3
260 ## - PUBLICATION, DISTRIBUTION, ETC.
Place of publication, distribution, etc. Delhi
Name of publisher, distributor, etc. Pearson Education (Singapore)Pvt. Ltd.
Date of publication, distribution, etc. 1993
300 ## - PHYSICAL DESCRIPTION
Extent xviii, 525p
Dimensions cm.
500 ## - GENERAL NOTE
General note (Reprinted in 2003); ; Includes bibliographical references; Index 515-525p; ^n23/CSL/CARPA/2003-2004/984^d2003-11-10^mPurchase; ; 2003-04/536^b2003-12-03^c106/03^d2003-11-24^eRs.4,321.00^fN R Book Distributors; ; 2004-01-23^bSB^c2004-01-23^dVinay
650 ## - SUBJECT ADDED ENTRY--TOPICAL TERM
Topical term or geographic name entry element Architecture
650 ## - SUBJECT ADDED ENTRY--TOPICAL TERM
Topical term or geographic name entry element Assembly Language
9 (RLIN) 717227
650 ## - SUBJECT ADDED ENTRY--TOPICAL TERM
Topical term or geographic name entry element Computer
942 ## - ADDED ENTRY ELEMENTS (KOHA)
Classification part D65,8(B)2:4, N3
Koha item type Textual
Source of classification or shelving scheme Colon Classification (CC)
Holdings
Withdrawn status Lost status Source of classification or shelving scheme Damaged status Not for loan Home library Current library Date acquired Source of acquisition Total Checkouts Full call number Barcode Date last seen Price effective from Koha item type
    Colon Classification (CC)     Department of Physics and Astrophysics Library Department of Physics and Astrophysics Library 2022-10-07 N R,   D65,8(B)2:4 N3 PA0005484 2022-10-07 2022-10-07 Textual
Copyright @ Delhi University Library System